| 000 | 00333nam a2200145Ia 4500 | ||
|---|---|---|---|
| 008 | 230312s9999||||xx |||||||||||||| ||und|| | ||
| 020 | _a8120330943 | ||
| 082 |
_a620.5 _bNAN |
||
| 245 | 0 | _aNanometer Structures | |
| 260 |
_bSPIE _aIndia _c2004 |
||
| 300 | _a474 | ||
| 546 | _aEng. | ||
| 650 |
_aEngineering _vQuantum Dots |
||
| 942 | _cBK | ||
| 999 |
_c6211 _d6211 |
||